000 00344nam a2200133Ia 4500
008 240624s9999 xx 000 0 und d
041 _aeng
082 _a658.4 DOH
100 _aDOHERTY BOB
245 _aMANAGEMENT FOR SOCIAL ENTERPRISE
260 _c2011
_aNew Delhi
_bSage Publications India Pvt Ltd
300 _a256 : p.
365 _cRS
_b35
999 _c17463
_d17463